[Event "Dutch Open 2013"]
[Site "Dieren NED"]
[Date "2013.07.23"]
[Round "1.1"]
[White "L'Ami, Erwin"]
[Black "Van Osch, Mees"]
[Result "1-0"]
[WhiteTitle "GM"]
[WhiteElo "2640"]
[BlackElo "2177"]
[WhiteFideId "1007998"]
[BlackFideId "1035967"]
[EventDate "2012.07.23"]

1. d4 Nf6 2. c4 g6 3. Nf3 Bg7 4. g3 O-O 5. Bg2 d6 6. O-O Nc6 7. Nc3 Bf5 8. d5
Na5 9. Nd4 Bd7 10. b3 c5 11. Nc2 a6 12. Bd2 b5 13. Qe1 b4 14. Nd1 Nb7 15. e4 Ng4
16. Rb1 a5 17. h3 Nh6 18. Bf4 f6 19. Nb2 a4 20. Nd3 Nf7 21. Bc1 Ne5 22. Nf4 axb3
23. axb3 Ra2 24. Qd1 Na5 25. Ne3 Qc8 26. Kh2 Bh6 27. Bb2 Qa6 28. Qc2 Ra8 29. Ra1
Rxa1 30. Rxa1 Qc8 31. Nd1 Nb7 32. Rxa8 Qxa8 33. Ne2 Bg7 34. f4 Nf7 35. Ne3 Qa2
36. Nc1 Qa6 37. h4 Qa8 38. Bh3 Bxh3 39. Kxh3 Qc8+ 40. Kg2 Nh6 41. Qe2 Nf7 42. h5
Nbd8 43. hxg6 hxg6 44. Qc2 Nh6 45. f5 gxf5 46. exf5 Ndf7 47. Ne2 Ng5 48. Nf4 Qa8
49. Qb1 Qa7 50. Ne6 Qa8 51. Nf4 Nhf7 52. Ne6 Nh6 53. Bc1 Qe8 54. g4 Qa8 55. Kg3
Nhf7 56. Ng2 Bh6 57. Ngf4 Ne5 58. Ng6 Kf7 59. Nxe5+ dxe5 60. Bxg5 Bxg5 61. Qh1
Bf4+ 62. Kf3 e4+ 63. Kxe4 1-0

[Event "Dutch Open 2013"]
[Site "Dieren NED"]
[Date "2013.07.23"]
[Round "1.2"]
[White "Go, Benjamin"]
[Black "Sethuraman, S.P."]
[Result "0-1"]
[BlackTitle "GM"]
[WhiteElo "2175"]
[BlackElo "2562"]
[WhiteFideId "1014560"]
[BlackFideId "5021596"]
[EventDate "2012.07.23"]

1. e4 c5 2. Nf3 d6 3. b4 cxb4 4. d4 Nf6 5. Bd3 e6 6. O-O Be7 7. a3 Nc6 8. Qe2 d5
9. Nbd2 O-O 10. e5 Nd7 11. Bb5 a6 12. axb4 Nxb4 13. c3 Nb6 14. cxb4 axb5 15.
Rxa8 Nxa8 16. Nb3 Bd7 17. Nc5 Bc6 18. h4 Bxh4 19. Nxh4 Qxh4 20. Be3 Nb6 21. g3
Qh3 22. Nd3 Nc4 23. Ra1 Qf5 24. f3 f6 25. g4 Qg6 26. Bf4 h5 27. Bg3 hxg4 28.
fxg4 Qe4 29. Qxe4 dxe4 30. Nc5 Bd5 31. g5 fxg5 32. Nd7 Rf3 33. Bf2 e3 34. Be1
Rh3 35. Ra8+ Kh7 0-1

[Event "Dutch Open 2013"]
[Site "Dieren NED"]
[Date "2013.07.23"]
[Round "1.3"]
[White "Greenfeld, Alon"]
[Black "Maris, Ivo"]
[Result "1-0"]
[WhiteTitle "GM"]
[WhiteElo "2561"]
[BlackElo "2171"]
[WhiteFideId "2800039"]
[BlackFideId "1028146"]
[EventDate "2012.07.23"]

1. Nf3 Nf6 2. c4 g6 3. Nc3 d5 4. cxd5 Nxd5 5. g3 Bg7 6. Bg2 O-O 7. O-O Nc6 8. d4
Nb6 9. d5 Na5 10. e4 c6 11. Bg5 Bxc3 12. bxc3 cxd5 13. exd5 Nxd5 14. Re1 Nc6 15.
Ne5 Be6 16. Nxc6 bxc6 17. Bh6 Nxc3 18. Qc2 Qd4 19. Rac1 Nxa2 20. Rxe6 Nxc1 21.
Re4 Qd3 22. Qxc1 Rfd8 23. Re1 a5 24. Bf1 Qd7 25. Bc4 Qg4 26. h3 Qd7 27. Qf4 e6
28. Qf6 Qd4 29. Re5 1-0

[Event "Dutch Open 2013"]
[Site "Dieren NED"]
[Date "2013.07.23"]
[Round "1.4"]
[White "Hoogland, Dirk"]
[Black "Zakhartsov, Viacheslav V."]
[Result "0-1"]
[WhiteTitle "CM"]
[BlackTitle "GM"]
[WhiteElo "2155"]
[BlackElo "2560"]
[WhiteFideId "1012533"]
[BlackFideId "4115333"]
[EventDate "2012.07.23"]

1. e4 c5 2. Nc3 d6 3. f4 g6 4. Nf3 Bg7 5. Bb5+ Bd7 6. Bc4 Nc6 7. d3 Na5 8. a4
Nxc4 9. dxc4 Bxc3+ 10. bxc3 Bc6 11. Qe2 Qd7 12. O-O Nf6 13. e5 Ne4 14. Qe3 f5
15. Rd1 Qe6 16. exd6 exd6 17. Ng5 Qf6 18. Qd3 O-O-O 19. Bd2 h6 20. Nxe4 Bxe4 21.
Qf1 Bxc2 22. Re1 Rhe8 23. Ra2 Be4 24. Re3 Bc6 25. Qd3 Rxe3 26. Bxe3 Be4 27. Qd2
Qe6 28. a5 Qxc4 29. Ra1 Qd3 30. Qxd3 Bxd3 31. Kf2 Kc7 32. h3 Kc6 33. Ra2 Kd5 34.
Ra4 Bb5 35. Ra1 Kc4 36. Bd2 Re8 37. Be1 Bc6 38. Ra2 Re4 39. g3 Kb3 40. Rd2 Re6
41. Rd1 Be4 42. g4 d5 43. Kf1 Ra6 44. Ra1 Kb2 45. Rd1 Rxa5 46. c4 Ra6 0-1

[Event "Dutch Open 2013"]
[Site "Dieren NED"]
[Date "2013.07.23"]
[Round "1.5"]
[White "Sengupta, Deep"]
[Black "Dijkhuis, Tycho"]
[Result "1-0"]
[WhiteTitle "GM"]
[WhiteElo "2555"]
[BlackElo "2152"]
[WhiteFideId "5008352"]
[BlackFideId "1036564"]
[EventDate "2012.07.23"]

1. e4 c5 2. Nf3 d6 3. d4 cxd4 4. Nxd4 Nf6 5. Nc3 g6 6. Be3 Bg7 7. f3 Nc6 8. Qd2
O-O 9. Bc4 Bd7 10. Bb3 Rc8 11. h4 h5 12. O-O-O Ne5 13. Kb1 Re8 14. Rdg1 Qa5 15.
Bh6 Nc4 16. Bxc4 Rxc4 17. Nb3 Qe5 18. Be3 Rec8 19. Bxa7 Rxc3 20. Bd4 Qb5 21.
Bxc3 Qa4 22. Rd1 Be6 23. Qd4 Bc4 24. Qb6 Ra8 25. a3 Nd5 26. Rxd5 Bxc3 27. bxc3
Bxd5 28. exd5 Qxa3 29. Re1 Qa2+ 30. Kc1 Qa3+ 31. Kd2 Qb2 32. Qxb7 Ra2 33. Rc1
Qa3 34. Qb8+ Kh7 35. Qb4 Qa8 36. Qe4 Ra4 37. Nd4 1-0

[Event "Dutch Open 2013"]
[Site "Dieren NED"]
[Date "2013.07.23"]
[Round "1.6"]
[White "Jonker, Fred"]
[Black "Pruijssers, Roeland"]
[Result "1/2-1/2"]
[BlackTitle "GM"]
[WhiteElo "2141"]
[BlackElo "2549"]
[WhiteFideId "1005260"]
[BlackFideId "1013068"]
[EventDate "2012.07.23"]

1. e4 e5 2. Nf3 Nc6 3. Bb5 f5 4. Nc3 fxe4 5. Bxc6 bxc6 6. Nxe4 d5 7. Ng3 Qf6 8.
d4 exd4 9. Qxd4 Qxd4 10. Nxd4 Bd7 11. O-O O-O-O 12. Bg5 Re8 13. Rfe1 Rxe1+ 14.
Rxe1 h6 15. Bd2 Nf6 16. Ne6 Bxe6 17. Rxe6 Kd7 18. Re2 g6 19. Bc3 Be7 20. Kf1 Rh7
21. f3 Rf7 22. Ke1 Ne8 23. Nh1 Bd6 24. Be5 Ng7 25. Nf2 Bxe5 26. Rxe5 Ne6 27. Re3
Kd6 28. Kd2 c5 29. Nd3 Rf6 30. Nf2 h5 31. Ra3 g5 32. c4 g4 33. Rd3 Nd4 34. cxd5
Kxd5 35. Ne4 Rf4 36. Ke3 Rf5 37. Nxc5 gxf3 38. Rxd4+ Kxc5 39. gxf3 Rxf3+ 40.
Kxf3 Kxd4 41. Kf4 c5 42. Kg5 c4 43. Kxh5 Kd3 44. Kg4 Kc2 45. h4 Kxb2 46. h5 c3
47. h6 c2 48. h7 c1=Q 49. h8=Q+ Kxa2 50. Qg8+ Ka3 51. Qf8+ Ka4 52. Qe8+ Ka5 53.
Qd8+ Kb5 54. Qb8+ Ka6 55. Qd6+ Kb7 56. Qb4+ Kc6 57. Qa4+ Kb6 58. Qb4+ Kc7 59.
Qa5+ Kb8 1/2-1/2

[Event "Dutch Open 2013"]
[Site "Dieren NED"]
[Date "2013.07.23"]
[Round "1.7"]
[White "Belkhodja, Slim"]
[Black "Merza, Morris"]
[Result "1-0"]
[WhiteTitle "GM"]
[WhiteElo "2432"]
[BlackElo "2120"]
[WhiteFideId "600229"]
[BlackFideId "1027140"]
[EventDate "2012.07.23"]

1. e4 e6 2. d3 b6 3. g3 Bb7 4. Bg2 c5 5. Nf3 d6 6. O-O Nf6 7. Re1 Be7 8. Nbd2
O-O 9. c3 Nc6 10. a3 Rc8 11. b4 d5 12. e5 Nd7 13. d4 cxd4 14. cxd4 Ba6 15. h4
Bd3 16. Bf1 Bxf1 17. Kxf1 b5 18. Qe2 a5 19. bxa5 Qxa5 20. Rb1 b4 21. Nb3 Qa4 22.
axb4 Nxb4 23. Kg2 Rc2 24. Bd2 Rb8 25. Qd1 Qa2 26. Re3 Rc4 27. Bxb4 Bxb4 28. Ra1
Qc2 29. Qxc2 Rxc2 30. Ra7 Rd8 31. Rb7 Bf8 32. Na5 h6 33. Reb3 Rcc8 34. h5 Rb8
35. Rxd7 1-0

[Event "Dutch Open 2013"]
[Site "Dieren NED"]
[Date "2013.07.23"]
[Round "1.8"]
[White "Vereggen, Lars"]
[Black "Van Eijk, Sander"]
[Result "1/2-1/2"]
[BlackTitle "IM"]
[WhiteElo "2116"]
[BlackElo "2431"]
[WhiteFideId "1029258"]
[BlackFideId "1011510"]
[EventDate "2012.07.23"]

1. d4 Nf6 2. c4 d6 3. Nc3 Bf5 4. f3 e5 5. e4 exd4 6. Qxd4 Nc6 7. Qf2 Be6 8. Be3
g6 9. Nd5 Bg7 10. Ne2 Ne5 11. Nd4 c6 12. Nxe6 fxe6 13. Nc3 O-O 14. Qc2 Qe7 15.
Be2 Nh5 16. O-O Nf4 17. Bxf4 Rxf4 18. g3 Rff8 19. f4 Nd7 20. Rad1 Rad8 21. Kh1
e5 22. f5 Bh6 23. b4 Be3 24. Qb3 Kg7 25. Nb5 Bd4 26. Nc7 Nc5 27. bxc5 Qxc7 28.
cxd6 Rxd6 29. Rb1 b6 30. g4 Qe7 31. Qg3 g5 32. Rfd1 Rfd8 33. Qf3 Rh6 34. Rb3 Qc5
35. Qg2 Rdd6 36. Rh3 Rxh3 37. Qxh3 Rh6 38. Qd3 a6 39. Kg2 b5 40. Qd2 Qe7 41. Qa5
Rf6 42. a4 Qa3 43. cxb5 Qe3 44. Qd2 Qf2+ 45. Kh1 Be3 46. Qe1 Qf4 47. Qg3 cxb5
48. Qxf4 Bxf4 49. axb5 Rh6 50. Rd7+ Kf8 51. bxa6 Rxh2+ 52. Kg1 Rxe2 53. Kf1 Rxe4
54. a7 Ra4 55. Rxh7 Ra1+ 56. Ke2 Ra2+ 57. Kd3 e4+ 58. Kxe4 Kg8 59. Rd7 Re2+ 60.
Kd5 Re8 61. f6 Rf8 62. Ke6 Be3 63. Kf5 Ra8 64. Kg6 Bc5 65. Rg7+ Kf8 66. Rh7 Ke8
67. Kxg5 Rxa7 68. Rh8+ Kf7 69. Rh7+ Kg8 70. Rxa7 1/2-1/2

[Event "Dutch Open 2013"]
[Site "Dieren NED"]
[Date "2013.07.23"]
[Round "1.9"]
[White "Hendriks, Willy"]
[Black "Bus, Tom"]
[Result "1/2-1/2"]
[WhiteTitle "IM"]
[WhiteElo "2417"]
[BlackElo "2110"]
[WhiteFideId "1000713"]
[BlackFideId "1014374"]
[EventDate "2012.07.23"]

1. e4 c5 2. Nf3 Nc6 3. Bb5 d6 4. Bxc6+ bxc6 5. O-O Bg4 6. h3 Bh5 7. d3 e5 8. c3
Be7 9. Nbd2 Nf6 10. Qa4 Qc8 11. d4 exd4 12. cxd4 O-O 13. dxc5 dxc5 14. Ne5 Bd6
15. Ndc4 Bxe5 16. Nxe5 Re8 17. Bf4 Qc7 18. Qxc6 Qxc6 19. Nxc6 Rxe4 20. Be3 Nd5
21. Rac1 c4 22. Rfe1 a6 23. Nd4 Rc8 24. Nf5 Re6 25. Bd4 Rxe1+ 26. Rxe1 f6 27.
Re6 Bg6 28. Rd6 Bxf5 29. Rxd5 Be4 30. Rd7 Rc6 31. a4 Bf5 32. Ra7 h5 33. a5 Kh7
34. Rb7 Kg6 35. f3 Bc8 36. Ra7 Rd6 37. Bc3 Bd7 38. Kf2 Bb5 39. Rb7 Rd7 40. Rb6
Rd5 41. Rb8 Rd7 42. h4 1/2-1/2

[Event "Dutch Open 2013"]
[Site "Dieren NED"]
[Date "2013.07.23"]
[Round "1.10"]
[White "Sparenberg, Erik"]
[Black "Goudriaan, Etienne"]
[Result "0-1"]
[BlackTitle "FM"]
[WhiteElo "2105"]
[BlackElo "2369"]
[WhiteFideId "1013262"]
[BlackFideId "1021150"]
[EventDate "2012.07.23"]

1. e4 c5 2. Nf3 d6 3. d4 cxd4 4. Nxd4 Nf6 5. Nc3 a6 6. Bg5 e6 7. f3 Qb6 8. Nb3
Nbd7 9. Qd2 Qc7 10. O-O-O b5 11. Kb1 Rb8 12. h4 Be7 13. h5 h6 14. Bf4 e5 15. Be3
b4 16. Nd5 Nxd5 17. Qxd5 Nf6 18. Qc4 Qd8 19. Nc5 Ra8 20. Qxb4 O-O 21. Qc3 a5 22.
Bc4 Qe8 23. Nb3 a4 24. Nc1 Be6 25. Bxe6 fxe6 26. g4 Qb5 27. g5 hxg5 28. h6 Rfc8
29. Qd2 Rab8 30. Nd3 g6 31. h7+ Nxh7 32. Rh6 Kg7 33. Rdh1 Nf8 34. Bxg5 Qb7 35.
Bxe7 Qxe7 36. Rh8 Qf6 37. Qa5 Rb7 38. Qd2 Rcb8 39. R8h3 Kf7 40. Qa5 Qg5 41. f4
Qg2 42. fxe5 Qxe4 43. exd6 Qd4 44. Rf1+ Kg7 45. c3 Qe4 46. Ka1 Qe2 47. Rfh1 Kg8
48. Qg5 a3 49. Qf6 Rh7 50. Rf1 axb2+ 51. Kb1 Rxh3 52. Qf7+ Kh8 53. Qf6+ Kh7 54.
Qf7+ Kh6 55. Qf4+ g5 56. Qf6+ Ng6 0-1

[Event "Dutch Open 2013"]
[Site "Dieren NED"]
[Date "2013.07.24"]
[Round "2.1"]
[White "Wempe, Joost"]
[Black "L'Ami, Erwin"]
[Result "0-1"]
[BlackTitle "GM"]
[WhiteElo "2271"]
[BlackElo "2640"]
[WhiteFideId "1005502"]
[BlackFideId "1007998"]
[EventDate "2012.07.23"]

1. d4 Nf6 2. c4 e6 3. g3 d5 4. Nf3 Bb4+ 5. Bd2 Be7 6. Bg2 O-O 7. O-O c6 8. Qc2
Nbd7 9. Rd1 a5 10. Bf4 Nh5 11. Bc1 f5 12. b3 Nhf6 13. Ne5 Nxe5 14. dxe5 Ng4 15.
Qc3 Bb4 16. Qd4 Qe7 17. Qf4 Bc5 18. Rf1 g5 19. Qd2 Nxe5 20. Bb2 Ng6 21. Nc3 Bd6
22. Rad1 Be5 23. Na4 Bxb2 24. Qxb2 Bd7 25. Nb6 Rad8 26. Rc1 Be8 27. Qc3 Qb4 28.
Qxb4 axb4 29. cxd5 cxd5 30. Rc7 Rf7 31. Rfc1 Bc6 32. Rc8 Rxc8 33. Nxc8 Rd7 34.
h3 Ne7 35. Nb6 Rd6 36. Kf1 Kf7 37. Ke1 Ke8 38. Rd1 Bb5 39. Nc4 Ra6 40. Ne5 Rxa2
41. Rd2 Rxd2 42. Kxd2 Nc6 43. Nd3 Ke7 44. f4 gxf4 45. gxf4 Kd6 46. e3 Bxd3 47.
Kxd3 Na5 48. Kc2 b6 49. Bf3 Nb7 50. Bd1 Nc5 51. Kd2 Ne4+ 52. Ke1 d4 53. Bc2 Kc5
54. Ke2 Nc3+ 0-1

[Event "Dutch Open 2013"]
[Site "Dieren NED"]
[Date "2013.07.24"]
[Round "2.3"]
[White "Vogel, Jaap"]
[Black "Greenfeld, Alon"]
[Result "0-1"]
[WhiteTitle "FM"]
[BlackTitle "GM"]
[WhiteElo "2202"]
[BlackElo "2561"]
[WhiteFideId "1000764"]
[BlackFideId "2800039"]
[EventDate "2012.07.23"]

1. d4 Nf6 2. Nf3 g6 3. g3 Bg7 4. Bg2 O-O 5. O-O d6 6. c4 Nbd7 7. Nc3 e5 8. e3
Re8 9. a4 a5 10. b3 c6 11. Ba3 exd4 12. exd4 Nf8 13. Qd2 Bg4 14. Rfe1 Ne6 15. d5
Nc5 16. Bxc5 dxc5 17. Rac1 Qb6 18. h3 Bf5 19. Nh4 Bd7 20. Nf3 Rad8 21. g4 cxd5
22. cxd5 Qxb3 23. Rb1 Qc4 24. Bf1 Rxe1 25. Rxe1 Qb4 26. g5 Nh5 27. Ne4 Bxa4 0-1

[Event "Dutch Open 2013"]
[Site "Dieren NED"]
[Date "2013.07.24"]
[Round "2.4"]
[White "Zakhartsov, Viacheslav V."]
[Black "Zwirs, Nico"]
[Result "1-0"]
[WhiteTitle "GM"]
[WhiteElo "2560"]
[BlackElo "2250"]
[WhiteFideId "4115333"]
[BlackFideId "1036432"]
[EventDate "2012.07.23"]

1. c4 Nf6 2. Nc3 g6 3. e4 d6 4. d4 Bg7 5. f3 O-O 6. Nge2 c5 7. d5 e6 8. Ng3 exd5
9. cxd5 a6 10. a4 Nbd7 11. Be2 Re8 12. O-O h5 13. Be3 Rb8 14. Qd2 Qa5 15. Nh1
Nb6 16. Nf2 Nfd7 17. Rfc1 Ne5 18. b3 f5 19. Qc2 fxe4 20. Nfxe4 Nf7 21. Bd2 Nd7
22. Nd1 Qd8 23. Bc3 Nde5 24. Ndf2 Bf5 25. Qb2 Bh6 26. Re1 Bxe4 27. Nxe4 Be3+ 28.
Kh1 Ng5 29. Bb5 Nxe4 30. Rxe3 axb5 31. Rxe4 bxa4 32. bxa4 Qd7 33. Qc2 Qf7 34.
Bxe5 dxe5 35. Qxc5 Rbc8 36. Qb5 Qc7 37. Rae1 Re7 38. h4 Rce8 39. Qd3 Qd6 40. Rb1
Rd8 41. Rb5 Rc8 42. Qe3 Kg7 43. Qg5 Rcc7 44. a5 Qf6 45. Qe3 Rcd7 46. Kg1 Qf5 47.
Qe1 Qf6 48. Kh2 Qf7 49. Qb4 Kh7 50. d6 Re6 51. Rbxe5 Rexd6 52. Qe1 Rd5 53. Re7 1-0

[Event "Dutch Open 2013"]
[Site "Dieren NED"]
[Date "2013.07.24"]
[Round "2.5"]
[White "Ypma, Peter"]
[Black "Sengupta, Deep"]
[Result "1/2-1/2"]
[BlackTitle "GM"]
[WhiteElo "2178"]
[BlackElo "2555"]
[WhiteFideId "1027255"]
[BlackFideId "5008352"]
[EventDate "2012.07.23"]

1. d4 d5 2. c4 e6 3. Nf3 c6 4. Nc3 Nf6 5. g3 dxc4 6. Bg2 b5 7. a4 b4 8. Nb1 Nbd7
9. O-O Ba6 10. Qc2 c5 11. Ne5 cxd4 12. Nc6 Qc7 13. Nxb4 Rc8 14. Nxa6 Qb6 15. Rd1
Ng4 16. Qe4 Nxf2 17. Kxf2 Qxa6 18. Qb7 Qxb7 19. Bxb7 Rc7 20. Ba6 Bb4 21. Bd2
Bxd2 22. Rxd2 Nc5 23. Bb5+ Ke7 24. Rc2 Ne4+ 25. Ke1 Nd6 26. Na3 Rb8 27. Bxc4 Rb4
28. Bb5 Nxb5 29. axb5 Rd7 30. Rd1 e5 31. Rdd2 h5 32. Kd1 h4 33. Kc1 Ke6 34. Rc4
Rxc4+ 35. Nxc4 Rb7 36. gxh4 Rxb5 37. Rd3 Rc5 38. b3 a5 39. Kd2 a4 40. Na3 axb3
41. Rxb3 Rc8 42. Rb6+ Kf5 43. Nb5 Kf4 44. Rb7 f5 45. Rxg7 Rh8 46. Nd6 Rh6 47.
Nc4 Rxh4 48. Rg2 e4 49. Kc2 Rh6 50. Rf2+ Kg5 51. Nd2 Rc6+ 52. Kd1 Rc3 53. h4+
Kg4 54. Rh2 Kh5 55. Nf1 Ra3 56. Kc2 d3+ 57. exd3 Rxd3 58. Nd2 Ra3 59. Kb2 Rg3
60. Re2 Kxh4 61. Nxe4 1/2-1/2

[Event "Dutch Open 2013"]
[Site "Dieren NED"]
[Date "2013.07.24"]
[Round "2.7"]
[White "Goudriaan, Etienne"]
[Black "Maatman, Nick"]
[Result "1/2-1/2"]
[WhiteTitle "FM"]
[WhiteElo "2369"]
[BlackElo "2207"]
[WhiteFideId "1021150"]
[BlackFideId "1040391"]
[EventDate "2012.07.23"]

1. d4 Nf6 2. c4 c5 3. Nf3 cxd4 4. Nxd4 Nc6 5. Nc3 e6 6. a3 Be7 7. Bf4 O-O 8.
Ndb5 Ne8 9. e4 d6 10. Be3 a6 11. Nd4 Ne5 12. Be2 Qc7 13. Rc1 Nf6 14. g4 Nfd7 15.
O-O b6 16. f4 Nc6 17. Nd5 exd5 18. cxd5 Nc5 19. Nxc6 Nxe4 20. Bf3 f5 21. g5 Qd7
22. Bxb6 Re8 23. Kh1 Bf8 24. Qb3 Nd2 25. Qd3 Nxf1 26. Qxf1 Bb7 27. b4 g6 28. Na7
Qf7 29. Qd3 Re4 30. Nc6 1/2-1/2

[Event "Dutch Open 2013"]
[Site "Dieren NED"]
[Date "2013.07.24"]
[Round "2.8"]
[White "Ratsma, Midas"]
[Black "Akshat, Khamparia"]
[Result "0-1"]
[BlackTitle "IM"]
[WhiteElo "2036"]
[BlackElo "2354"]
[WhiteFideId "1032283"]
[BlackFideId "5016541"]
[EventDate "2012.07.23"]

1. d4 g6 2. c4 Bg7 3. Nf3 Nf6 4. g3 O-O 5. Bg2 d6 6. Nc3 a6 7. O-O Nc6 8. b3 Rb8
9. Nd5 Nd7 10. Bb2 e6 11. Nc3 b5 12. Rb1 bxc4 13. bxc4 Nb6 14. c5 Nc4 15. Ba1
Rxb1 16. Qxb1 dxc5 17. dxc5 Qe7 18. Ne4 e5 19. Nfd2 Be6 20. Nxc4 Bxc4 21. Qc2
Be6 22. Qa4 Nd4 23. Qxa6 Bg4 24. Bxd4 exd4 25. f3 Bf5 26. Qc6 Qe6 27. Qxc7 Qxa2
28. Qe7 Be6 29. Re1 Qa3 30. Qd6 Rc8 31. Kf1 Bc4 32. c6 Qe3 33. Nc5 Re8 34. Ne4
d3 35. Bh1 Rxe4 36. fxe4 d2 37. Rb1 Bxe2+ 38. Kg2 Bf3+ 39. Kf1 Qe2+ 40. Kg1 Qe1+ 0-1

[Event "Dutch Open 2013"]
[Site "Dieren NED"]
[Date "2013.07.24"]
[Round "2.9"]
[White "De Jong, Migchiel"]
[Black "t Jong, Ewoud"]
[Result "1-0"]
[WhiteTitle "IM"]
[WhiteElo "2345"]
[BlackElo "2086"]
[WhiteFideId "1002848"]
[BlackFideId "1006274"]
[EventDate "2012.07.23"]

1. d4 Nf6 2. Nf3 d5 3. c4 c6 4. Qc2 e6 5. g3 Bd6 6. Bg2 O-O 7. O-O Nbd7 8. Nbd2
Re8 9. b3 Qe7 10. Bb2 e5 11. cxd5 cxd5 12. dxe5 Nxe5 13. Nd4 Neg4 14. e3 Bc5 15.
Rac1 Bb6 16. h3 Nh6 17. g4 Ne4 18. Nxe4 dxe4 19. Qc4 Bd7 20. Qd5 Rad8 21. Qh5
Rc8 22. Rxc8 Rxc8 23. Qd5 Re8 24. Qxb7 Qd6 25. Rc1 f5 26. gxf5 Re7 27. Bxe4 1-0

[Event "Dutch Open 2013"]
[Site "Dieren NED"]
[Date "2013.07.24"]
[Round "2.10"]
[White "Evengroen, Henk-Jan"]
[Black "Admiraal, Miguoel"]
[Result "1/2-1/2"]
[BlackTitle "FM"]
[WhiteElo "2027"]
[BlackElo "2320"]
[WhiteFideId "1019252"]
[BlackFideId "1019716"]
[EventDate "2012.07.23"]

1. d4 e6 2. c4 b6 3. Nc3 Bb7 4. e3 Bb4 5. Nf3 f5 6. Bd3 Nf6 7. O-O O-O 8. Nd2
Bxc3 9. bxc3 c5 10. Ba3 d6 11. d5 exd5 12. cxd5 Bxd5 13. Bxf5 Nc6 14. c4 Bf7 15.
Bb2 Ne5 16. Qe2 Qe7 17. Rae1 Rae8 18. f4 Bh5 19. Qf2 Nfg4 20. Bxg4 Bxg4 21. Qg3
Nd3 22. Qxg4 Nxb2 1/2-1/2

[Event "Dutch Open 2013"]
[Site "Dieren NED"]
[Date "2013.07.25"]
[Round "3.1"]
[White "L'Ami, Erwin"]
[Black "Zakhartsov, Viacheslav V."]
[Result "1/2-1/2"]
[WhiteTitle "GM"]
[BlackTitle "GM"]
[WhiteElo "2640"]
[BlackElo "2560"]
[WhiteFideId "1007998"]
[BlackFideId "4115333"]
[EventDate "2012.07.23"]

1. d4 Nf6 2. c4 g6 3. Nf3 Bg7 4. g3 d5 5. cxd5 Nxd5 6. Bg2 Nb6 7. Nc3 Nc6 8. e3
O-O 9. O-O Re8 10. a3 e5 11. d5 Na5 12. Qc2 c6 13. b4 Nac4 14. dxc6 bxc6 15. Ne4
a5 16. Rd1 Qe7 17. Nfd2 Bg4 18. Re1 Be6 19. Bf1 Nxd2 20. Nxd2 Qd6 21. Ne4 Qc7
22. Bd2 axb4 23. axb4 Bd5 24. Ra5 Rad8 25. Nc5 e4 26. Bc3 Bxc3 27. Qxc3 Qe5 28.
Qxe5 Rxe5 29. Rc1 Re7 30. Rd1 Nd7 31. Na4 Rb8 32. Nc3 Be6 33. Rd4 f5 34. Kg2 Kf7
35. h3 Nf6 36. Rc5 Rd7 37. Ne2 Rxd4 38. Nxd4 Rxb4 39. Rxc6 Bd7 40. Rc7 Ke8 41.
Bc4 Kd8 42. Rc5 Ke7 43. Bb3 Rb7 44. Ra5 Rc7 45. Ra6 Rb7 46. Ba2 Rc7 47. Rb6 Ra7
48. Be6 Rc7 49. Bb3 Ne8 50. Ne2 Rc6 51. Rb7 Rc7 52. Rb6 Rc6 53. Rb4 Rc7 54. g4
Nd6 55. gxf5 Bxf5 56. Ra4 Bd7 57. Ra5 Kf6 58. Ra6 Ke5 59. Nd4 Nf5 60. Nxf5 Bxf5
61. Bd1 Rd7 62. Bg4 Bxg4 63. hxg4 Rf7 64. Ra8 Kd5 65. Re8 Rf6 66. Rh8 Rf7 67.
Ra8 Ke5 68. Ra5+ Ke6 69. Ra8 Ke5 70. Re8+ Kd5 71. Kf1 Rf6 72. g5 Rf7 73. Ke1 Ra7
74. Kf1 Rf7 75. Kg1 Ra7 76. Rf8 Re7 77. Rh8 Ke5 78. Rf8 Kd5 79. Rh8 Ke5 80. Rf8 1/2-1/2

[Event "Dutch Open 2013"]
[Site "Dieren NED"]
[Date "2013.07.25"]
[Round "3.2"]
[White "Akshat, Khamparia"]
[Black "Sethuraman, S.P."]
[Result "1/2-1/2"]
[WhiteTitle "IM"]
[BlackTitle "GM"]
[WhiteElo "2354"]
[BlackElo "2562"]
[WhiteFideId "5016541"]
[BlackFideId "5021596"]
[EventDate "2012.07.23"]

1. d4 e6 2. c4 Nf6 3. Nc3 Bb4 4. Bg5 c5 5. d5 h6 6. Bh4 d6 7. e3 O-O 8. Bd3 b5
9. Ne2 exd5 10. cxd5 c4 11. Bc2 Nbd7 12. O-O Qb6 13. Nd4 Bxc3 14. bxc3 Nxd5 15.
Qf3 Bb7 16. Nf5 Ne5 17. Qg3 g6 18. e4 Kh7 19. exd5 gxf5 20. Qh3 Rg8 21. Qxf5+
Rg6 22. Rad1 Kg7 23. Rfe1 Re8 24. Qf4 1/2-1/2

[Event "Dutch Open 2013"]
[Site "Dieren NED"]
[Date "2013.07.25"]
[Round "3.3"]
[White "Greenfeld, Alon"]
[Black "De Jong, Migchiel"]
[Result "1/2-1/2"]
[WhiteTitle "GM"]
[BlackTitle "IM"]
[WhiteElo "2561"]
[BlackElo "2345"]
[WhiteFideId "2800039"]
[BlackFideId "1002848"]
[EventDate "2012.07.23"]

1. d4 e6 2. g3 c5 3. Nf3 b5 4. e4 cxd4 5. Bg2 Bb4+ 6. Bd2 Bc5 7. c3 Nc6 8. O-O
Nge7 9. e5 Rb8 10. Bg5 dxc3 11. Nxc3 h6 12. Bd2 Ng6 13. Ne4 Be7 14. Nd6+ Bxd6
15. exd6 O-O 16. Re1 Bb7 17. h4 f6 18. Rc1 Nge5 19. Bf4 Nxf3+ 20. Bxf3 Ne5 21.
Bxb7 Rxb7 22. Bxe5 fxe5 23. Rxe5 Rb6 1/2-1/2

[Event "Dutch Open 2013"]
[Site "Dieren NED"]
[Date "2013.07.25"]
[Round "3.4"]
[White "Sengupta, Deep"]
[Black "Beukema, Stefan"]
[Result "1-0"]
[WhiteTitle "GM"]
[BlackTitle "FM"]
[WhiteElo "2555"]
[BlackElo "2295"]
[WhiteFideId "5008352"]
[BlackFideId "1024523"]
[EventDate "2012.07.23"]

1. e4 e5 2. Nf3 Nc6 3. Bb5 a6 4. Ba4 Nf6 5. O-O Be7 6. Re1 b5 7. Bb3 d6 8. c3
O-O 9. d4 Bg4 10. Be3 exd4 11. cxd4 Na5 12. Bc2 Nc4 13. Bc1 c5 14. b3 Nb6 15.
Be3 Nfd7 16. Nbd2 cxd4 17. Bxd4 Bf6 18. Qb1 Bxd4 19. Nxd4 Qf6 20. Qb2 Ne5 21. f3
Bh5 22. Rad1 Rfc8 23. Qb1 Rc3 24. Ne2 Rc7 25. Ng3 Bg6 26. Ndf1 Rac8 27. Rd2 Rc3
28. Qd1 d5 29. Bb1 d4 30. Rxd4 h5 31. Rd6 Qe7 32. Qd4 h4 33. Ne2 Qg5 34. Kf2 h3
35. Nfg3 hxg2 36. Nxc3 Qf4 37. Nce2 Qxf3+ 38. Kg1 f6 39. Qxb6 Kh7 40. Qf2 1-0

[Event "Dutch Open 2013"]
[Site "Dieren NED"]
[Date "2013.07.25"]
[Round "3.5"]
[White "Maatman, Nick"]
[Black "Pruijssers, Roeland"]
[Result "0-1"]
[BlackTitle "GM"]
[WhiteElo "2207"]
[BlackElo "2549"]
[WhiteFideId "1040391"]
[BlackFideId "1013068"]
[EventDate "2012.07.23"]

1. d4 Nf6 2. c4 d6 3. Nc3 Nbd7 4. e4 e5 5. d5 Be7 6. Bd3 O-O 7. Nge2 a5 8. f3 c6
9. Be3 Ne8 10. O-O Bg5 11. Bf2 Nc5 12. Bc2 Bd7 13. a3 cxd5 14. Nxd5 a4 15. Nec3
Qa5 16. g3 Bd8 17. f4 Rc8 18. Qe2 Nc7 19. Rad1 exf4 20. gxf4 Re8 21. Qh5 N7e6
22. Kh1 Qa6 23. f5 Nf8 24. Rd4 Bc6 25. Rg1 Ncd7 26. Qh6 Ng6 27. Qh5 Nge5 28. Bh4
Bxh4 29. Qxh4 Nf3 30. Qg3 Nxg1 31. f6 g6 32. Qg5 Re6 33. Kxg1 Qa7 34. Qe3 Nxf6
35. Nxf6+ Rxf6 36. e5 Rf3 0-1